Leo cambio de planes : (Registro nro. 7361)
[ vista simple ]
| 000 -LEADER | |
|---|---|
| fixed length control field | 01771nam a22002657a 4500 |
| 003 - CONTROL NUMBER IDENTIFIER | |
| control field | OSt |
| 005 - DATE AND TIME OF LATEST TRANSACTION | |
| control field | 20210228160823.0 |
| 008 - FIXED-LENGTH DATA ELEMENTS--GENERAL INFORMATION | |
| fixed length control field | 210228s2016 sp a|||br|||| 00| j spa d |
| 020 ## - INTERNATIONAL STANDARD BOOK NUMBER | |
| International Standard Book Number | 9788416361915 |
| 040 ## - CATALOGING SOURCE | |
| Original cataloging agency | CO-JMCR |
| Transcribing agency | CO-JMCR |
| 041 0# - LANGUAGE CODE | |
| Language code of text/sound track or separate title | spa |
| 082 ## - DEWEY DECIMAL CLASSIFICATION NUMBER | |
| Classification number | C / |
| Item number | GARl |
| 100 1# - MAIN ENTRY--PERSONAL NAME | |
| Personal name | García Burló, Sara, |
| Relator term | autor |
| 9 (RLIN) | 14056 |
| 245 10 - TITLE STATEMENT | |
| Title | Leo cambio de planes : |
| Remainder of title | un cuento sobre el trastorno del espectro autista (TEA) / |
| Statement of responsibility, etc. | Sara García Burló ; ilustrado por Marta Cordón Castillo |
| 260 ## - PUBLICATION, DISTRIBUTION, ETC. | |
| Place of publication, distribution, etc. | [Madrid] : |
| Name of publisher, distributor, etc. | Editorial GEU, |
| Date of publication, distribution, etc. | 2016 |
| 300 ## - PHYSICAL DESCRIPTION | |
| Extent | 31 páginas : |
| Other physical details | ilustraciones a color; |
| Dimensions | 21 cm. |
| 490 0# - SERIES STATEMENT | |
| Series statement | Colección conoce |
| 490 0# - SERIES STATEMENT | |
| Series statement | Colección lectores iniciados |
| 520 3# - SUMMARY, ETC. | |
| Summary, etc. | Leo cambia de planes es el nuevo cuento de la colección conoce. Esta colección nos acercará a algunos síndromes, alteraciones, discapacidades y enfermedades raras. La necesidad de crearla ha sido la de explicar, de forma breve y precisa, las características de los niños que presentan necesidades educativas especiales derivadas de un determinado síndrome y/o discapacidad. Gracias a la inclusión, estos alumnos comparten aula con aquellos sin discapacidad. Este hecho despierta el interés y la curiosidad por entender qué le ocurre a ese compañero que no puede correr, que no entiende como los demás o que habla un poquito raro. Saben que hay algo especial, observan, apoyan y guían a este compañero.<br/>Un cuento que sirve de guía a maestros, familias, alumnos y para todo aquel que quiera conocer a nuestros niños especiales. |
| 650 14 - SUBJECT ADDED ENTRY--TOPICAL TERM | |
| Topical term or geographic name entry element | Niños con trastornos del espectro autista |
| Form subdivision | cuentos |
| 9 (RLIN) | 14057 |
| 655 24 - INDEX TERM--GENRE/FORM | |
| Genre/form data or focus term | Libros ilustrados |
| 9 (RLIN) | 14058 |
| 655 24 - INDEX TERM--GENRE/FORM | |
| Genre/form data or focus term | Libros infantiles |
| 9 (RLIN) | 14059 |
| 700 1# - ADDED ENTRY--PERSONAL NAME | |
| Personal name | Cordón Castillo, Marta, |
| Relator term | ilustradora |
| 9 (RLIN) | 14060 |
| 942 ## - ADDED ENTRY ELEMENTS (KOHA) | |
| Source of classification or shelving scheme | Dewey Decimal Classification |
| Koha item type | Books |
| Withdrawn status | Lost status | Source of classification or shelving scheme | Damaged status | Not for loan | Home library | Current library | Date acquired | Source of acquisition | Total Checkouts | Full call number | Barcode | Date last seen | Date last checked out | Copy number | Price effective from | Koha item type |
|---|---|---|---|---|---|---|---|---|---|---|---|---|---|---|---|---|
| Dewey Decimal Classification | Biblioteca Pública José María del Castillo y Rada | Biblioteca Pública José María del Castillo y Rada | 02/28/2021 | Donación | 9 | C / GARl | 201810610 | 07/16/2025 | 07/15/2025 | Ej.1 | 02/28/2021 | Books |